Gaming Quiz

Random Gaming or Minecraft Quiz

Minecraft Items Quiz Stats

 Plays Quiz not verified by Sporcle

Also try: Pac-Man Ghosts
Challenge
Share
Tweet
Embed
Score 0/20 Timer 02:00
1 Play Today
hints block % Correct
unbreakablebedrock
84.6%
portal to the...nether
81.2%
needed for stickswood
74.1%
need a boatwater
70.1%
most rarediamond
64.9%
hardest to destroyobsidian
57.8%
sssssssssssssss......BOOMcreeper
56.9%
moves in and outpiston
44.7%
only found in nethernetherrack
39.1%
only found in dungeonmossy cobblestone
37.9%
hints block % Correct
most commonair
36.3%
only in the endendstone
33.9%
bluelapis
33.9%
needed to craftcrafting table
29.8%
found in dungeonmob spawner
29.3%
only found in dungeonsaddle
29%
easy break toolsgold
24.2%
first thing needed for potionnether wart
21.4%
made from redstone and glowstoneredstone lamp
20.1%
end portal in a...stronghold
18.8%

You're not logged in!

Compare scores with friends on all Sporcle quizzes.
OR
Log In

You Might Also Like...

Show Comments

Extras

Created Jun 27, 2012ReportNominate
Tags:Minecraft Quiz, block

Top Quizzes Today


Score Distribution

Your Account Isn't Verified!

In order to create a playlist on Sporcle, you need to verify the email address you used during registration. Go to your Sporcle Settings to finish the process.

Report this User

Report this user for behavior that violates our Community Guidelines.

Details: